000 00361nam a2200145Ia 4500
008 150201s2006 xx 000 0 und d
082 _a612.1
_bB06G
100 _aGUPTE,SATISH
245 _aTHE TB OF BLOOD BANK AND TRANSFUSION MEDICINE
250 _a12TH
260 _bJAYPEE BROTHERS
_aDELHI
_c2006
300 _a1-198
650 _aPATHOLOGY
942 _2ddc
_cBK
999 _c525
_d525